Responses for show #6902 - Tuesday, September 23, 2014

Catherine Hardee game 1.

Contestants

[<< previous game]

Christian Burks, a history student from Austin, Texas

Catherine Hardee, a hotel front desk clerk and recent college graduate from Kinston, North Carolina

Heather Jarvis, an editor at the United Nations from Trinidad and Tobago and now in New York (whose 1-day cash winnings total $11,800)

[next game >>]

Jeopardy! Round responses

LITTLE RHODY
CELEBRITY ORIGINS
DOUBLE-LETTER ENDINGS
BOOZE HOUNDS
THE MOVIE AVENGER WHO...
THE STAR-SPANGLED BANNER
(Alex: And finally, because we are celebrating the 200th birthday of [*], we have a whole category about that song.)
    $200 18
a carousel

Heather
    $200 6
Boston

Heather
    $200 1
odd

Heather
    $200 7
a greyhound

Christian
    $200 10
Thor

Catherine
    $200 9
"the home of the brave"

Heather
    $400 24
Brown University

Christian
    $400 19
the Netherlands

Catherine
    $400 2
to fizz

Catherine
    $400 8
a chihuahua

Catherine
    $400 15
Iron Man

Catherine
    $400 11
Fort McHenry

Christian
    $600 25
(Alex: Yes, with less than a minute to go.)

Narragansett Bay

Christian
    $600 21
Turkey

Heather
    $600 3
a banshee

Heather
    $600 29
[The end-of-round signal sounds.]

a nose

Heather
    $600 16
Hawkeye

Triple Stumper
    $600 12
15

Christian
    $800 26
Roger Williams

Catherine
    $800 22
the Sea of Cortez

Christian
    $800 4
a bailiff

Christian
    $800 17
Black Widow

Christian
    $400 13
the Smithsonian Museum of American History

Christian
    $1000 27
Lincoln Chafee

Catherine
    $1000 23
Fall River

Triple Stumper
    $1000 5
(Alex: "What is [*]?" Double "L" at the end.)

to trill

Triple Stumper
    $1000 28
Pomeranian

Christian
    $1000 20
Captain America

Triple Stumper
    $1000 14
Renée Fleming

Catherine

Scores at the first commercial break (after clue 15):

Heather Catherine Christian
$1,200 $2,400 $2,400

Scores at the end of the Jeopardy! Round:

Heather Catherine Christian
$2,600 $4,600 $6,000

Double Jeopardy! Round responses

BIG ROADIES
(Alex: We dealt with "Little Rhody", now we have [*]; different kind.)
PHYSICS
THE 700 CLUB
COMMON PONDS
ALL 5 VOWELS IN ONE WORD
THE ALL-WRITERS BASKETBALL TEAM
    $400 18
U2

Christian
    $400 23
radioactivity

Triple Stumper
    $400 5
architecture

Catherine
    $400 7
Lake Erie

Christian
    $400 1
dialogue

Catherine
    $400 16
Stephen King

Catherine
    $800 19
Tupac (Shakur)

Catherine
    $800 24
(Alex: Yes, with less than a minute to go.)

cosmology (or astrophysics)

Catherine
    $800 12
711

Catherine
    $800 8
(Christian: What is Chile?)

Bolivia

CatherineChristian
    $800 2
to authorize

Catherine
    $800 17
(Heather: [sighs] Sorry.)
(Alex: Ooh, drawing a blank. That'll cost you.)

Michael Crichton

Heather
Triple Stumper
    $1200 25
friction

Catherine
    $1200 13
(Catherine: What is 746?)

755

Catherine
Triple Stumper
    $1200 9
(Catherine: What is Alberta?)

Saskatchewan

CatherineChristian
    $1200 3
Education

Catherine
    $1200 20
Roald Dahl

Triple Stumper
    $1600 26
(Christian: What is a particle?)

quantum physics

Christian
Triple Stumper
    $1600 14
(Alex: 9 times 9 is 81, 81 times 9 is [*].)

729

Triple Stumper
    $600 10
Austria

Christian
    $1600 4
a cauliflower

Christian
    $1600 21
(Christian: Who is John Grisham?)
(Heather: Who is Elmore Leonard?)
(Catherine: Who is Janst? Jantsen?)

James Ellroy

HeatherCatherineChristian
Triple Stumper
    $1,000 27
(Catherine: What is reflection?)
(Alex: No, you were close. What is [*]?)
[The end-of-round signal sounds.]

refraction

Catherine
    $2000 15
(Alex: California's neighbor, [*]. Catherine, let's go somewhere else.)

Nevada

Triple Stumper
    $2000 11
Lake Tanganyika

Catherine
    $2000 6
(Catherine: What is a double millionaire?)

a multi-millionaire

HeatherCatherine
    $2000 22
John Kenneth Galbraith

Triple Stumper

Scores at the end of the Double Jeopardy! Round:

Heather Catherine Christian
$2,200 $7,200 $6,200

[wagering suggestions for these scores]

Final Jeopardy! Round responses

ENGLISH MONARCHS
(Alex: And now we come to Catherine Hardee, who wrote something down and then had second thoughts. [Catherine's response revealed] She started by writing "Catherine of", crossed that out, and wrote down the correct response; "Bloody" Mary, [*].)
HeatherWho was Mary, Queen of Scots?
$2,000
ChristianWho is Queen Elizabeth I
$6,200
CatherineWho was Catherine of Mary Tudor
$5,201
"Bloody" Mary Tudor

Final scores:

Heather Catherine Christian
$200 $12,401 $0
2nd place: $2,000 New champion: $12,401 3rd place: $1,000

Game dynamics:

Coryat scores:

Heather Catherine Christian
$2,200 $8,200 $7,600
8 R,
2 W
19 R,
5 W
(including 1 DD)
15 R
(including 2 DDs),
3 W

Combined Coryat: $18,000

The J! Archive is created by fans, for fans. The Jeopardy! game show and all elements thereof, including but not limited to copyright and trademark thereto, are the property of Jeopardy Productions, Inc. and are protected under law. This website is not affiliated with, sponsored by, or operated by Jeopardy Productions, Inc. Join the discussion at JBoard.tv.